| 000 | 00373nam a22001457a 4500 | ||
|---|---|---|---|
| 999 |
_c533950 _d533950 |
||
| 003 | NUST | ||
| 020 |
_a9694480558 _qH/B. |
||
| 038 | _awaseem | ||
| 082 |
_a339.46095491 _bPOV |
||
| 100 |
_aEdited by Mohibul Haq Sahibzada _928016 |
||
| 245 | _aPoverty Alleviation in Pakistan / | ||
| 260 |
_aLahore : _bShirkat Printing press, _c1997. |
||
| 300 | _a392 p. | ||
| 942 |
_2ddc _cBK |
||